| 000 | 00442nam a2200181Ia 4500 | ||
|---|---|---|---|
| 001 | 16520 | ||
| 005 | 20260306170315.0 | ||
| 008 | 260306t2007||||xx |||||||||||||| ||und|| | ||
| 041 | _aESP | ||
| 082 |
_a348.6 _bS21 2007 |
||
| 100 |
_aSanguineti Raymond, Wilfredo _eAUT |
||
| 245 | 0 | _aDerecho constitucional del trabajo | |
| 260 | _c2007 | ||
| 300 |
_a150 páginas : _ccm. |
||
| 650 | _aGEN | ||
| 654 | _aCDE | ||
| 942 |
_cLIB _dJUS _fJUS _2ddc _n |
||
| 999 |
_c16520 _d16520 |
||